Genetic Variability in RIdge Gourd (Luffa acutangula Roxb.) (Record no. 50094)

MARC details
000 -LEADER
fixed length control field 00425nam a22001577a 4500
003 - CONTROL NUMBER IDENTIFIER
control field OSt
008 - FIXED-LENGTH DATA ELEMENTS--GENERAL INFORMATION
fixed length control field 260420b |||||||| |||| 00| 0 eng d
082 ## - DEWEY DECIMAL CLASSIFICATION NUMBER
Classification number 635.93346
Item number S11G
100 ## - MAIN ENTRY--PERSONAL NAME
Personal name Sahni, Gita Prasad
245 ## - TITLE STATEMENT
Title Genetic Variability in RIdge Gourd (Luffa acutangula Roxb.)
260 ## - PUBLICATION, DISTRIBUTION, ETC. (IMPRINT)
Place of publication, distribution, etc BAU, Sabour, Bhagalpur
Name of publisher, distributor, etc RAU, Sabour
Date of publication, distribution, etc 1984
300 ## - PHYSICAL DESCRIPTION
Extent 59P.
502 ## - DISSERTATION NOTE
Degree type Msc.
Year degree granted 1984
650 ## - SUBJECT ADDED ENTRY--TOPICAL TERM
Topical term or geographic name as entry element Horticulture
942 ## - ADDED ENTRY ELEMENTS (KOHA)
Koha item type Thesis
Source of classification or shelving scheme

No items available.

Hosted, Implemented, Customized & Maintained by: BestBookBuddies

Powered by Koha